[Event "SUI-chT Winterthur-Reichenstein"]
[Site "?"]
[Date "2009.09.13"]
[Round "7.2"]
[White "Sutter, Oliver"]
[Black "Sokolov, Andrei"]
[Result "0-1"]
[WhiteElo "2381"]
[BlackElo "2562"]
[PlyCount "80"]
[EventDate "2009.09.13"]
[SourceDate "2001.01.01"]

1. d4 Nf6 2. c4 e6 3. Nf3 b6 4. g3 Ba6 5. Qc2 Bb4+ 6. Bd2 Be7 7. e4 d5 8. cxd5
Bxf1 9. Kxf1 exd5 10. e5 Ne4 11. Nc3 Nxc3 12. Bxc3 Qd7 13. Kg2 Nc6 14. h4 Nd8
15. Ng5 h6 16. Nh3 O-O 17. Nf4 Ne6 18. Nxe6 Qxe6 19. f4 Qg4 20. Raf1 f5 21. h5
c5 22. Qd1 Qxd1 23. Rxd1 c4 24. Kf3 b5 25. g4 b4 26. Bd2 a5 27. g5 Ra6 28. Rde1
a4 29. gxh6 Rxh6 30. e6 Bd6 31. a3 bxa3 32. bxa3 Re8 33. Rb1 Rhxe6 34. Rb5 c3
35. Bc1 Re1 36. Rxe1 Rxe1 37. Be3 c2 38. Bd2 Rd1 39. Ke2 Bxa3 40. Rb8+ Kh7 0-1

[Event "SUI-chT Reichenstein-Winterthur"]
[Site "?"]
[Date "2009.09.13"]
[Round "7.3"]
[White "Hort, Vlastimil"]
[Black "Ballmann, Martin"]
[Result "1/2-1/2"]
[WhiteElo "2486"]
[BlackElo "2379"]
[PlyCount "62"]
[EventDate "2009.09.13"]
[SourceDate "2001.01.01"]

1. c4 g6 2. Nc3 Bg7 3. d4 Nf6 4. e4 d6 5. Nf3 O-O 6. h3 a6 7. Be3 c6 8. Bd3 b5
9. b3 bxc4 10. bxc4 Qa5 11. Bd2 Nbd7 12. O-O Qc7 13. Be3 Rb8 14. Rc1 c5 15. d5
Re8 16. Qd2 e6 17. Rb1 Rxb1 18. Rxb1 exd5 19. exd5 Ne5 20. Nxe5 Rxe5 21. Bf4
Re8 22. Re1 Bd7 23. Rxe8+ Nxe8 24. g4 Qd8 25. Kg2 Qe7 26. f3 f5 27. Ne2 Be5 28.
Qe3 Kf7 29. gxf5 Bxf5 30. Bxf5 gxf5 31. Ng3 Ng7 1/2-1/2

[Event "SUI-chT Winterthur-Reichenstein"]
[Site "?"]
[Date "2009.09.13"]
[Round "7.4"]
[White "Huss, Andreas"]
[Black "Drabke, Lorenz"]
[Result "0-1"]
[WhiteElo "2346"]
[BlackElo "2432"]
[PlyCount "130"]
[EventDate "2009.09.13"]
[SourceDate "2001.01.01"]

1. d4 d5 2. c4 c6 3. Nf3 Nf6 4. cxd5 cxd5 5. Nc3 Nc6 6. Bf4 a6 7. Rc1 Bf5 8. e3
Rc8 9. Be2 e6 10. Ne5 Nxe5 11. Bxe5 Nd7 12. Bg3 Be7 13. O-O O-O 14. Bd3 Bxd3
15. Qxd3 Qa5 16. Rc2 Rc6 17. Rfc1 Rfc8 18. h3 Bb4 19. e4 dxe4 20. Qxe4 Nf6 21.
Qd3 Bxc3 22. bxc3 Rc4 23. Bf4 Nd5 24. Bd2 b5 25. Qg3 Qc7 26. Qxc7 R8xc7 27. a3
f6 28. Rb2 Nxc3 29. Bxc3 Rxc3 30. Rxc3 Rxc3 31. a4 Rc1+ 32. Kh2 Rc6 33. axb5
Rb6 34. Rb4 Kf7 35. Kg3 axb5 36. Kf3 Ke7 37. Ke3 Kd6 38. Ke4 f5+ 39. Kd3 Kd5
40. f3 g6 41. g4 Rb8 42. gxf5 exf5 43. f4 Rb6 44. h4 Rb7 45. Ke3 Re7+ 46. Kd3
Kc6 47. Rb1 Re4 48. Rc1+ Kd6 49. Rc5 Rxf4 50. Rxb5 Rxh4 51. Kc4 Ke7 52. Kc5 Rh1
53. Rb7+ Kf6 54. d5 Rc1+ 55. Kd6 h5 56. Rc7 Rd1 57. Kc6 f4 58. d6 f3 59. Rc8
Kg5 60. d7 Kg4 61. Rf8 g5 62. Rf6 Rxd7 63. Kxd7 Kg3 64. Ke6 f2 65. Rf5 g4 0-1

[Event "SUI-chT Reichenstein-Winterthur"]
[Site "?"]
[Date "2009.09.13"]
[Round "7.5"]
[White "Volke, Karsten"]
[Black "Schiendorfer, Emanuel"]
[Result "1/2-1/2"]
[WhiteElo "2462"]
[BlackElo "2297"]
[PlyCount "33"]
[EventDate "2009.09.13"]
[SourceDate "2001.01.01"]

1. d4 Nf6 2. c4 g6 3. Nc3 Bg7 4. e4 d6 5. f3 O-O 6. Nge2 c5 7. d5 e6 8. Ng3
exd5 9. cxd5 a6 10. a4 h5 11. Be2 h4 12. Nf1 Nbd7 13. Bg5 h3 14. gxh3 Qa5 15.
Nd2 Nb6 16. h4 Bh3 17. Qc2 1/2-1/2

[Event "SUI-chT Winterthur-Reichenstein"]
[Site "?"]
[Date "2009.09.13"]
[Round "7.6"]
[White "Kelecevic, Nedeljko"]
[Black "Heimann, Andreas"]
[Result "1/2-1/2"]
[WhiteElo "2316"]
[BlackElo "2389"]
[PlyCount "41"]
[EventDate "2009.09.13"]
[SourceDate "2001.01.01"]

1. d4 Nf6 2. c4 g6 3. Nc3 Bg7 4. e4 d6 5. h3 O-O 6. Nf3 e5 7. dxe5 dxe5 8. Qxd8
Rxd8 9. Nd5 Nxd5 10. cxd5 c6 11. Bc4 b5 12. Bb3 Bb7 13. dxc6 Nxc6 14. Bd2 Rd7
15. Bd5 Nd4 16. Bxb7 Nxf3+ 17. gxf3 Rxb7 18. Ke2 Rc8 19. Rhc1 Rbc7 20. Rxc7
Rxc7 21. Kd3 1/2-1/2

[Event "SUI-chT Reichenstein-Winterthur"]
[Site "?"]
[Date "2009.09.13"]
[Round "7.7"]
[White "Wirthensohn, Heinz"]
[Black "Gaehwiler, Gabriel"]
[Result "1/2-1/2"]
[WhiteElo "2396"]
[BlackElo "2239"]
[PlyCount "53"]
[EventDate "2009.09.13"]
[SourceDate "2001.01.01"]

1. c4 Nf6 2. Nc3 g6 3. e4 d6 4. g3 Bg7 5. Bg2 O-O 6. Nge2 e5 7. O-O Nc6 8. d3
Be6 9. f4 Qd7 10. Nd5 Bg4 11. Ne3 Bxe2 12. Qxe2 Nd4 13. Qf2 exf4 14. gxf4 Ng4
15. Nxg4 Qxg4 16. Be3 c5 17. Kh1 Rae8 18. Rae1 f5 19. e5 dxe5 20. Bxd4 exd4 21.
h3 Qh5 22. Rxe8 Rxe8 23. Re1 Re3 24. Rxe3 dxe3 25. Qxe3 Qd1+ 26. Kh2 Bd4 27.
Qe8+ 1/2-1/2

[Event "SUI-chT Winterthur-Reichenstein"]
[Site "?"]
[Date "2009.09.13"]
[Round "7.8"]
[White "Nuri, Kambez"]
[Black "Maier, Christian"]
[Result "0-1"]
[WhiteElo "2197"]
[BlackElo "2366"]
[PlyCount "106"]
[EventDate "2009.09.13"]
[SourceDate "2001.01.01"]

1. e4 e6 2. d4 d5 3. Nc3 Nc6 4. e5 Qd7 5. f4 f5 6. Nf3 b6 7. a3 Bb7 8. Bd2 Nh6
9. h3 Be7 10. Rg1 O-O-O 11. b4 Rdg8 12. Bb5 Nf7 13. Qe2 g5 14. O-O-O g4 15.
hxg4 fxg4 16. Ne1 Nh6 17. g3 Kb8 18. Be3 Nf5 19. Bf2 h5 20. Ng2 a5 21. bxa5
Bxa3+ 22. Kd2 Bb4 23. Ra1 Ncxd4 24. Bxd7 Bxc3+ 25. Kxc3 Nxe2+ 26. Kb2 Nxg1 27.
Rxg1 Rh6 28. Ne3 Rf8 29. Nxf5 Rxf5 30. axb6 Rf7 31. bxc7+ Kxc7 32. Bb5 Bc6 33.
Ra1 Bb7 34. Be2 Rh8 35. Rh1 Rhh7 36. Bd3 Rh8 37. Bg6 Rg7 38. Bd3 Bc6 39. Bd4 h4
40. f5 Rb8+ 41. Kc3 h3 42. f6 Rgg8 43. Kd2 Kd7 44. Bc5 d4 45. Rh2 Ke8 46. Bh7
Rg5 47. Bxd4 Kf7 48. Ke3 Rb1 49. Kf4 Rh5 50. Bd3 Bf3 51. c3 Rd1 52. Ke3 Rh8 53.
Bc4 Bg2 0-1